| 000 | 00601pam a2200205 a 4500 | ||
|---|---|---|---|
| 020 | _a0070359733 (acidfree paper) | ||
| 040 | _cDLC | ||
| 082 | _a305 MCG 1999 A010 Or. | ||
| 100 | 1 | _aKottak, Conrad Phillip. | |
| 245 | 1 | 0 |
_aOn being different : _bdiversity and multiculturalism in the North American mainstream / |
| 260 |
_aBoston : _bMcGraw-Hill College, _cc1999 |
||
| 300 |
_axxi, 329 p. : _bill. ; _c23 cm |
||
| 650 | 0 | _aEthnology | |
| 650 | 0 | _aMulticulturalism | |
| 650 | 0 | _aEthnicity | |
| 650 | 0 | _aMinorities | |
| 650 | 0 | _aSocial structure | |
| 700 | 1 | _aKozaitis, Kathryn A. | |
| 942 | _cEK | ||
| 999 |
_c13719 _d13719 |
||